Every City in Metro Detroit on a Map - Statistics

General Stats
  • This quiz has been taken 80 times
    64 since last reset
  • The average score is 40 of 71
Answers on the Map
Answers color-coded by a green-red scale on the quiz's map according to % correct below.
 
Answer Stats
Answer Population % Correct
Detroit 639,111
100%
Dearborn 109,076
85%
Warren 139,387
85%
Troy 87,294
83%
Grosse Pointe 5,678
80%
Sterling Heights 134,346
80%
Livonia 95,535
78%
Royal Oak 58,211
78%
Novi 66,243
73%
Rochester 13,035
73%
Southfield 76,618
73%
Dearborn Heights 63,292
71%
Auburn Hills 24,360
68%
Ferndale 19,190
68%
Grosse Pointe Farms 10,148
68%
Hamtramck 28,433
68%
Rochester Hills 76,300
68%
St. Clair Shores 58,874
68%
Birmingham 21,813
66%
Farmington 11,597
66%
Highland Park 8,977
66%
Pontiac 61,606
66%
Allen Park 28,638
63%
Farmington Hills 83,986
63%
Wayne 17,713
63%
Grosse Pointe Park 11,595
61%
Northville 6,119
61%
Oak Park 29,560
61%
Westland 85,420
61%
Eastpointe 34,318
59%
Grosse Pointe Shores 2,647
59%
Grosse Pointe Woods 16,487
59%
Plymouth 9,370
59%
Wyandotte 25,058
59%
Beverly Hills 10,599
56%
Garden City 27,380
56%
Madison Heights 28,468
56%
River Rouge 7,224
56%
Romulus 25,178
56%
Berkley 15,194
54%
Taylor 63,409
54%
Walled Lake 7,250
54%
Center Line 8,552
51%
Clawson 11,389
51%
Hazel Park 14,983
51%
Inkster 26,088
51%
Lincoln Park 40,245
51%
Melvindale 12,851
51%
Bloomfield Hills 4,444
49%
Roseville 47,710
49%
Southgate 30,014
49%
Flat Rock 10,541
46%
Mount Clemens 15,697
46%
Trenton 18,544
46%
Orchard Lake Village 2,375
44%
Utica 5,245
44%
Wixom 17,193
44%
Ecorse 9,305
41%
Huntington Woods 6,388
41%
Lathrup Village 4,088
41%
Riverview 12,490
41%
Fraser 14,726
39%
Gibraltar 4,997
39%
Bingham Farms 1,124
34%
Franklin 3,139
34%
Rockwood 3,289
34%
Woodhaven 12,941
32%
Lake Angelus 287
29%
Pleasant Ridge 2,627
29%
Sylvan Lake 1,720
29%
South Rockwood 1,587
24%
No matching quizzes found
Score Distribution
Percent of People with Each Score
Percentile by Number Answered
Your Score History
You have not taken this quiz since the last reset